=LDR 00000nam 2200000 4500 =001 INLIS000000000012305 =005 20240902031300 =035 ##$$a 0010-061300000012305 =008 240902################g##########0#ind## =041 ##$$a Ind =082 ##$$a 658.81 =090 ##$$a 658.81, Bet p =100 ##$$a Bethel, Bill =245 1#$$a Pertanyaan-pertanyaan yang menghasilkan penjualan /$c Bill bethel ; Alih bahasa Fredy Tjahyona =260 ##$$a Solo :$b Dabara publishers,$c 1995 =650 #4$$a Manajemen penjualan =700 #$$a Cahyono, Fredy =850 ##$$a NBPNMAT =020 ##$$a 0-85013-1960 =084 ##$$a 658.81 BET p =300 ##$$a 231 hlm : $b ilus. ; $c 21 cm =990 ##$$a 00033751 =990 ##$$a 18741874